000 00797nam a2200229Ii 4500
003 JO-AjNU
008 230605s9999||||xx |||||||||||||| ||und||
017 _a2014/6/3027
020 _a978-9957-97-030-7
040 _aJO-AjNU
_bara
_erda
_cJO-AjNU
041 _aara
050 1 4 _aLC71.2.A233.2019
100 3 _aعبابنة، صالح احمد,
_eauthor
_960020
245 0 0 _aالتخطيط التربوي المعاصر: النظرية والتطبيق
250 _aط2
264 3 1 _aعمان: دار المسيرة للنشر والتوزيع والطباعة، 2019
300 _a424ص
336 _atext
_btxt
_2rdacontent
337 _aunmediated
_bn
_2rdamedia
338 _avolume
_bnc
_2rdacarrier
650 4 _aالادارة التربوية-التخطيط التربوي
_960021
999 _aA27039
_c30607
_d30607